Players who win WC & CWC - Statistics

General Stats
  • This quiz has been taken 5 times
  • The average score is 14 of 27
Answer Stats
Country Team Answer % Correct
🇦🇷Argentina FC Barcelona Messi
80%
🇪🇸Spain FC Barcelona Puyol
80%
🇧🇷Brazil FC Barcelona Ronaldinho
80%
🇧🇷Brazil Real Madrid Ronaldo
80%
🇪🇸Spain FC Barcelona Xavi
80%
🇦🇷Argentina Manchester City Alvarez
60%
🇩🇪Germany Bayern Munich Boateng
60%
🇪🇸Spain FC Barcelona Busquets
60%
🇪🇸Spain FC Barcelona Iniesta
60%
🇧🇷Brazil AC Milan Kaka
60%
🇩🇪Germany Bayern Munich/Real Madrid Kroos
60%
🇩🇪Germany Bayern Munich Lahm
60%
🇩🇪Germany Bayern Munich Neuer
60%
🇪🇸Spain FC Barcelona Pique
60%
🇪🇸Spain Real Madrid Ramos
60%
🇧🇷Brazil Real Madrid Carlos
40%
🇪🇸Spain Real Madrid Casillas
40%
🇧🇷Brazil AC Milan Dida
40%
🇦🇷Argentina Chelsea Fernandez
40%
🇩🇪Germany Bayern Munich Muller
40%
🇪🇸Spain FC Barcelona Pedro
40%
🇪🇸Spain FC Barcelona Villa
40%
🇧🇷Brazil Sao paolo Cafu
20%
🇩🇪Germany Bayern Munich Gotze
20%
🇩🇪Germany Bayern Munich Schweinsteiger
20%
🇪🇸Spain FC Barcelona Valdes
20%
🇫🇷France Real Madrid Varane
20%
No matching quizzes found
Score Distribution
Percent of People with Each Score
Percentile by Number Answered
Your Score History
You have not taken this quiz